000 00518nam a2200181Ia 4500
005 20250508151056.0
008 008 250505s9999 xx 000 0 eng d
037 _aTextual
040 _aFEDL
_beng
_cFEDL
041 _aeng
_2eng
084 _a370.1, CHA
_qFEDL
100 _aChatopadhay Jain
_9758349
245 0 _aElements of education
260 _aCalcutta, India
_bOrient Longmans Limited
_c1950
650 _aEducation - Philosophy
942 _cTEXL
_h370.1, CHA
999 _c1327443
_d1327443